Interakcie menovej a fiškálnej politiky: stratégia a štruktúra bilancie Centrálnej banky

Problémy cenovej stability, ktoré vznikajú z interakcií medzi fiškálnou a menovou politikou. Základné zásady a historický kontext úlohy štátneho dlhu v bilancii centrálnej banky. Dôležitosť finančných rezerv centrálnej banky ako záruky jej nezávislosti a v dôsledku cenovej stability.

Gespeichert in:
Bibliographische Detailangaben
1. Verfasser: Gertler, Ľubomíra, 1977-
Format: Buchkapitel
Sprache:Slowakisch
Schlagworte:
Tags: Tag hinzufügen
Keine Tags, Fügen Sie das erste Tag hinzu!

MARC

LEADER 00000nla a2200000 4500
001 0237784
005 20240502073838.8
041 0 |a slo 
044 |a SK 
245 1 0 |a Interakcie menovej a fiškálnej politiky: stratégia a štruktúra bilancie Centrálnej banky  |c Ľubomíra Gertler 
520 |a Problémy cenovej stability, ktoré vznikajú z interakcií medzi fiškálnou a menovou politikou. Základné zásady a historický kontext úlohy štátneho dlhu v bilancii centrálnej banky. Dôležitosť finančných rezerv centrálnej banky ako záruky jej nezávislosti a v dôsledku cenovej stability. 
610 2 0 |a politika fiškálna 
610 2 0 |a politika menová 
610 2 0 |a stabilita finančná 
610 2 0 |a banky centrálne 
100 1 |a Gertler, Ľubomíra, 1977-